Calcul - Donner le cube de ces nombres - Statistiques

Statistiques générales
  • Ce quiz a été pris 522 fois
  • Le résultat moyen est 8 sur 15
Statistiques - réponses
Hint Réponse % Correct
1 1
100%
2 8
96%
3 27
92%
5 125
85%
4 64
84%
6 216
68%
10 1000
66%
7 343
52%
8 512
47%
9 729
47%
11 1331
31%
12 1728
23%
15 3375
14%
13 2197
13%
14 2744
12%
Aucun quiz correspondant
Distribution des résultats
% des personnes avec chaque résultat
Percentile par nombre de réponses
Votre historique - résultats
Vous n’avez pas pris ce quiz